| 000 | 00649cam a22002051 4500 | ||
|---|---|---|---|
| 001 | af 47006282 | ||
| 003 | DLC | ||
| 005 | 20260227110836.0 | ||
| 008 | 900809s1944 gw ab 000 0 ger c | ||
| 010 | _aaf 47006282 | ||
| 035 | _a(OCoLC)22197926 | ||
| 040 |
_aHoover Library, Stanford Univ. _cCSt-H _dDLC |
||
| 042 | _apremarc | ||
| 050 | 0 | 0 |
_aD811 _b.W35 |
| 100 | 1 |
_aWeber, Hans, _cLieutenant. |
|
| 245 | 1 | 0 |
_aOasenfahrt nach Siwa, drei afrikanische kriegserlebnisse _cvon Leutnant D.R. Hans Weber. |
| 260 |
_aKaiserslautern, _c1944. |
||
| 300 |
_a48 p. _billus. (incl. map) _c21 cm. |
||
| 650 | 0 |
_aWorld War, 1939-1945 _xPersonal narratives, German. |
|
| 999 |
_c3480 _d3480 |
||